Países de europa con el mayor número de fronteras - Estadísticas

Estadísticas generales
  • Esta prueba ha sido intentada 42 veces
    37 desde el último reinicio
  • La puntuación promedio es 7 de 9
Estadísticas de respuestas
Respuesta % Correcto
Rusia
97%
Alemania
94%
Francia
94%
Austria
82%
Italia
82%
Ucrania
76%
Polonia
73%
Serbia
70%
Hungría
64%
No se encontraron pruebas coincidentes
Distribución de puntuación
Porcentaje de gente con cada puntuación
Porcentaje por número respondido
Historial de tus puntuaciones
No has intentado esta prueba desde el último reinicio